عرض عادي
عرض مارك
- عبد الرازق، عادل
دخول Personal Name
001 - CONTROL NUMBER
- control field: 28260
003 - CONTROL NUMBER IDENTIFIER
- control field: AE-AdECS
005 - DATE AND TIME OF LATEST TRANSACTION
- control field: 20260402152545.0
008 - FIXED-LENGTH DATA ELEMENTS
- fixed length control field: 260402|| aca||aabn | a|a d
040 ## - CATALOGING SOURCE
- Original cataloging agency: AE-AdECS
- Transcribing agency: AE-AdECS
100 ## - HEADING--PERSONAL NAME
- Personal name: عبد الرازق، عادل
670 ## - SOURCE DATA FOUND
- Source citation: Work cat.: (AE-AdECS)294647: عبد الرازق، عادل مؤلف., تجربة التكامل المصري السوداني بين النظرية والتطبيق :
